00489nam a2200169 i 450000100060000000300090000600500170001500700030003200800410003510000320007624500670010826000610017530000300023665000140026670000190028085200200029921104ES-MaACL20240823063038.0t|021121s1922 fr ||||1| fre d1 aAchard, Charles,d1860-194410aExamen fonctionnel du poumon / cpar Ch. Achard et Leon Binet. aParis : bMasson et Cie, c1922 (eCahors : fCoueslant) a154 p. : bil. ; c24 cm. 4aPulmones.0 aBinet, Léon. aES-MaACLjE-854